000 00802cam a22002294a 4500
020 _a9789291150038
020 _a9291150037
040 _cDLC
082 _a333 ICI 2006 C074 Or.
245 1 0 _aCapitalisation and sharing of experiences on the interaction between forest policies and land use patterns in Asia :
_blinking people with resources /
246 1 7 _aICIMOD partnership platforms
260 _aKathmandu :
_bInternational Centre for Integrated Mountain Development,
_c2006.
300 _a2 v. :
_bcol. ill. ;
_c26 cm.
650 0 _aCommunity forestry
650 0 _aForest policy
650 0 _aLand use
700 0 _aPema Gyamtsho.
700 1 _aSingh, Bijay Kumar.
700 1 _aRasul, Golam.
710 2 _aInternational Centre for Integrated Mountain Development.
942 _cAEDBB
999 _c22560
_d22560